Statistiques concernant Culture Générale - Série 2332

Cliquez ici pour prendre le quiz!

Statistiques générales

  • Ce quiz a été pris 78 fois
  • Le résultat moyen est 3 sur 10

Statistiques - réponses

QuestionRéponse% Correct
Dans quelle ville européenne vivent les "Stambouliotes" ?Istanbul
89%
De quel pas d'Asie "Nara" fut-elle la capitale entre 710 et 784 ?Japon
51%
La patelle est un mollusque gastropode, comestible, des côtes, appelé couramment " chapeau ... voir photochinois
42%
Dans quel pays européen se trouvent les villes de Lamia et Larissa ?Grèce
38%
Quel est le prénom de l'auteur du roman "Les Mystères de Paris" écrit en 1842 ?Eugène
34%
Dans le langage familier, qu'est-ce qu'une cibiche ?cigarette
33%
Ce mot désigne : un âne sauvage - un engin de siège - une plante sauvage comestibleonagre
18%
Dans le langage militaire ancien, quelle déesse romaine a donné son nom à la batterie de tambour ou la sonnerie de clairon qui annonçait le réveil ?Diane
14%
Quel nom donne-t-on à un Lièvre, lapin mâle ? 7 lettres commençant par " b "bouquin
13%
Sous quel nom connait-on mieux la fleur appelée "tagète" ?oeillet d'inde
11%

Distribution des résultats

Percentile par nombre de réponses

% des personnes avec chaque résultat

Votre développement - résultats

Vous n’avez pas pris ce quiz